| 000 | 01413cam a22003977a 4500 | ||
|---|---|---|---|
| 001 | 000041513 | ||
| 003 | CHAP | ||
| 005 | 20220329135659.0 | ||
| 008 | 971013s r 00010 d | ||
| 010 | _a40455 | ||
| 011 | _a41427 | ||
| 035 | _a45553 | ||
| 040 | _cCHAP | ||
| 090 | _aFolleto 1455 | ||
| 110 | 2 |
_aENA. Colegio de Postgraduados. Chapingo, Méx. Rama de Botánica _936682 |
|
| 245 | 1 | 0 |
_aSeminario de botánica, otoño 1970, encargado : _b: E. Hernández X. |
| 260 |
_a(s.l.) : _b(s.e.), _c(s.a.). |
||
| 500 | _aContiene resúmenes de los trabajos presentados | ||
| 530 | _aTambién disponible en línea | ||
| 590 |
_aBATCH-UPD _b10 _c20130110 _lUCH01 _h2107 |
||
| 590 |
_aBATCH-UPD _b10 _c20130410 _lUCH01 _h1418 |
||
| 590 |
_aBATCH-UPD _b10 _c20130914 _lUCH01 _h0731 |
||
| 590 |
_aBATCH-UPD _b10 _c20140324 _lUCH01 _h1438 |
||
| 590 |
_aBATCH-UPD _b10 _c20141002 _lUCH01 _h0817 |
||
| 590 |
_aCONVERSION _b10 _c20130109 _lUCH01 _h1322 |
||
| 590 |
_aE11695DGD _b10 _c20140219 _lUCH01 _h1447 |
||
| 590 |
_aE5995AHE _b05 _c20141119 _lUCH01 _h0938 |
||
| 650 | 1 | 4 |
_aBotánica _xInvestigación. _914562 |
| 700 | 0 |
_aHernández Xolocotzi, Efraím. _954753 |
|
| 856 |
_3Finding aid _uhttp://10.13.5.2/tesis/x41513.pdf _zTeclea aquí |
||
| 901 | _aBK | ||
| 942 | _cFOLL | ||
| 942 | _n0 | ||
| 949 |
_aFolleto 1455 _bBC _cFOLL _d-104041 _eTS2 _fc.2 _i45553 _si |
||
| 949 |
_aFolleto 1455 _bBC _cUACH _d-104040 _eUACH _i45553 _si |
||
| 999 |
_c40455 _d40455 |
||